000 00574nam a2200169 a 4500
008 120416s1974 ||||||||||||||||| || u
020 _a0471543217
050 _aHF 5691 Loc
100 _aLocke, Flora M
245 1 0 _aCollege mathematics for business. (2nd ed.)
250 _a2nd ed.
260 _aNew York
_bJohn Wiley and Sons
_c1974
300 _axi, 365p. : ill.
350 _a0.00
650 0 _aBUSINESS MATHEMATICS
995 _D0.00
_FCBU-MAIN LIBRARY (Kitwe)
_H1
_I9.30
_M1
_UDAMAGED
_ZMain Library Open Access Collection
999 _c37700
_d37700